| 000 | 01185nam a2200289 u 4500 | ||
|---|---|---|---|
| 005 | 20220817091439.0 | ||
| 008 | 191203s2016 mx ad r 000 0 spa d | ||
| 020 |
_a9766072807907 _qUniversidad Autónoma Metropolitana |
||
| 020 |
_a9786075240619 _qMiguel Ángel Porrúa |
||
| 035 | _aUPN01000234585 | ||
| 040 |
_aMX-MxUPN _bspa _cMX-MxUPN |
||
| 050 | 4 |
_aHD1792 _bS57 2016 |
|
| 245 | 0 | 0 |
_aSistema de innovación del sector agropecuario en México : _btendiendo puentes entre los actores / _cAlexandre O. Vera-Cruz, Gabriela Dutrénit, editores. |
| 250 | _aPrimera edición | ||
| 260 |
_aMexico : _bUniversidad Autónoma Metropolitana, Unidad Xochimilco : Miguel Ángel Porrúa, _c2016. |
||
| 300 | _a363 páginas | ||
| 490 | _aInnovación y desarrollo | ||
| 650 | 0 |
_945367 _aInnovaciones agrícolas _zMéxico |
|
| 650 | 2 |
_92015 _aAgricultura _xInvestigación _zMéxico |
|
| 650 | 2 |
_91868 _aAgricultura _xAspectos económicos _zMéxico |
|
| 650 | 4 |
_945369 _aAgricultura _zMéxico _xSociedades, etc. |
|
| 700 | 1 |
_aVera-Cruz, Alexandre O. _eeditor _945370 |
|
| 700 | 1 |
_aDutrénit, Gabriela, _d1957- _eeditor _945371 |
|
| 905 | _aLibro | ||
| 942 |
_n0 _2lcc _cLIBRO |
||
| 999 |
_c206680 _d206680 |
||